000
002580000a22000970004500
100
1
_a
Bright, William R.
245
1
0
_a
Re-evangelization of the Uqnited States
300
_a
Vol. 16, Núm 60 (1989), Páginas 9-11
773
0
_t
World Evangelization
942
_c
ANA
999
_c
57845
_d
57845